| 000 | 01063nam a22002657a 4500 | ||
|---|---|---|---|
| 005 | 20110615101418.0 | ||
| 008 | 110615t xxu||||| |||| 00| 0 mar d | ||
| 010 | _aMAR--20957 | ||
| 020 | _c160.00 | ||
| 035 | _aMR-13615 | ||
| 037 | _bDBAD / PUB | ||
| 040 |
_aDPL _bMR |
||
| 082 | _a891.463 | ||
| 100 |
_aबोकील,मिलिंद _928602 |
||
| 245 |
_aरण-दुर्ग / _cमिलिंद बोकील |
||
| 246 |
_aRan-Durga _bby Milind Bokil |
||
| 260 |
_aमुंबई _bमौज प्रकाशन गृह _c2011 |
||
| 270 |
_aखटाववाडी गिरगाव _bमुंबई _e400004 |
||
| 300 |
_a172पृ. _c21सेमी(अजिल्द) |
||
| 650 |
_aमराठी कादंबरी _928622 |
||
| 650 |
_aMarathi Fiction _928623 |
||
| 700 | _928624 | ||
| 942 |
_2ddc _cMR _h891.463 _mबोकील |
||
| 999 |
_c52968 _d52968 |
||